ABDUL SATTAR EDHI (Record no. 576679)
[ view plain ]
| 000 -LEADER | |
|---|---|
| fixed length control field | 00296nam a22001217a 4500 |
| 082 ## - DEWEY DECIMAL CLASSIFICATION NUMBER | |
| Classification number | 923.6 RIF |
| 100 ## - MAIN ENTRY--PERSONAL NAME | |
| Personal name | RIFFAT ABBAS |
| 9 (RLIN) | 69353 |
| 245 ## - TITLE STATEMENT | |
| Title | ABDUL SATTAR EDHI |
| 260 ## - PUBLICATION, DISTRIBUTION, ETC. | |
| Place of publication, distribution, etc. | LAHORE |
| Name of publisher, distributor, etc. | JUNG PUBLISHER PRESS |
| Date of publication, distribution, etc. | 1996 |
| 300 ## - PHYSICAL DESCRIPTION | |
| Extent | 228P |
| 650 ## - SUBJECT ADDED ENTRY--TOPICAL TERM | |
| Topical term or geographic name entry element | BIOGRAPHY-ABDUL SATTAR EDHI |
| 9 (RLIN) | 69354 |
| 942 ## - ADDED ENTRY ELEMENTS (KOHA) | |
| Koha item type | Book |
| Withdrawn status | Lost status | Damaged status | Not for loan | Collection code | Permanent Location | Current Location | Shelving location | Date acquired | Total Checkouts | Full call number | Barcode | Date last seen | Price effective from | Koha item type |
|---|---|---|---|---|---|---|---|---|---|---|---|---|---|---|
| College of Electrical & Mechanical Engineering (CEME) | College of Electrical & Mechanical Engineering (CEME) | General Stacks | 11/16/2019 | 923.6 RIF | CEME-43466 | 06/28/2021 | 06/28/2021 | Book |
